Tretí internistický kongres a 116. internistický deň

Bibliographic Details
Format: Article
Language:Slovak
PhysicalDescription:Fotogr.
ISSN:1335-4477
Subjects:

MARC

LEADER 00000nab a2200000 a 4500
001 vtls000739113
003 SK-MaSNL
005 20260303232148.0
008 140303c2000 xo 0 slo
015 |a SNBRB2000/12-34981 
035 |a CLN000090973 
040 |a SNKBUCL  |b slo  |c SNKBUCL  |e AACR2 
041 0 |a slo 
044 |a xo  |c SK 
080 |a 616.1/.4:061.3  |2 1997 
245 0 0 |a Tretí internistický kongres a 116. internistický deň 
300 |b Fotogr. 
611 1 7 |a Internistický deň  |d 2000  |c Nitra, Slovensko  |2 snkbucl  |9 1267980 
650 0 7 |a interná medicína  |2 snkbucl  |9 905 
655 7 |a články z novín a časopisov  |2 snkbucl  |9 267496 
773 0 |t Zdravotnícke noviny  |g Roč. 5, č. 38 (2000)  |x 1335-4477 
773 0 |t [Príl.] Lekárske listy  |g Č. 38 (2000), s. 1  |x 1335-4477 
850 |a Slovenská národná knižnica v Martine 
852 |a SNK  |b KIS3GCP 
958 |a MI 
992 |a RBX 
999 |c 2270413  |d 2272343